El arte rupestre en la provincia de León / (Record no. 138748)

MARC details
000 -LEADER
campo de control de longitud fija 00432nam a2200145 4500
001 - NÚMERO DE CONTROL
campo de control 138748
003 - IDENTIFICADOR DE NÚMERO DE CONTROL
campo de control ES-MaACL
005 - FECHA Y HORA DE LA ÚLTIMA TRANSACCIÓN
campo de control 20230906195628.0
007 - CAMPO FIJO DE DESCRIPCIÓN FÍSICA--INFORMACIÓN GENERAL
campo de control de longitud fija t|
008 - DATOS DE LONGITUD FIJA--INFORMACIÓN GENERAL
campo de control de longitud fija 070214s1922 sp r ||||1| spa d
100 1# - ENTRADA PRINCIPAL--NOMBRE DE PERSONA
Nombre de persona Sanz Martínez, Julián.
9 (RLIN) 103663
245 13 - MENCIÓN DEL TÍTULO
Título El arte rupestre en la provincia de León /
Mención de responsabilidad, etc. Julián Sanz Martínez.
260 ## - PUBLICACIÓN, DISTRIBUCIÓN, ETC.
Lugar de publicación, distribución, etc. Madrid :
Nombre del editor, distribuidor, etc. [s.n.],
Fecha de publicación, distribución, etc. 1922 (
Fabricante Viuda de Sanz Calleja)
852 ## - LOCALIZACIÓN
Ubicación ES-MaACL
Número de control de estantería 1621-F-3
Holdings
Estatus retirado Estado de pérdida Estado de daño No para préstamo Colección Biblioteca de origen Biblioteca actual Ubicación en estantería Fecha de adquisición Fuente de adquisición Total de préstamos Signatura topográfica completa Código de barras Visto por última vez Precio de reemplazo Tipo de ítem Koha
        Colección de folletos Biblioteca del Ateneo de Madrid Biblioteca del Ateneo de Madrid Depósito folletos 17/01/2008     1621-F-3 1144380 23/02/2023 23/02/2023 Folleto